| 000 | 01935nam0a2200337 i 4500 | ||
|---|---|---|---|
| 001 | RU\NLR\BIBL_A\010194922 | ||
| 005 | 20240921121706.0 | ||
| 010 |
_a9785855467727 _9100 |
||
| 021 |
_aRU _b2013-105990 _97367 |
||
| 035 | _a(NILC)RuMoRGB-006719064 | ||
| 035 | _a(NLR Aleph) 010194922 | ||
| 090 |
_a10216726 _c10216726 |
||
| 100 | _a20140226d2013 u y0rusy50 ca | ||
| 101 | 0 | _arus | |
| 102 | _aRU | ||
| 105 | _aa|||j|||000yy | ||
| 200 | 1 |
_aСистемы исполнительных органов космического аппарата "Янтарь" _eучебное пособие _e[для студентов, обучающихся по специальности "Космические летательные аппараты и разгонные блоки"] _fВ.Д. Атамасов, С.Г. Беляев _gМ-во образования и науки Рос. Федерации, Балт. гос. техн. ун-т "Военмех" |
|
| 210 |
_aСанкт-Петербург _cБалтийский государственный технический университет _d2013 |
||
| 215 |
_a133, [2] с. _cил. _d20 |
||
| 606 | 1 |
_a"Янтарь", разведывательные спутники _jУчебные издания для высших учебных заведений _xИсполнительные органы _92222998 _3RU\NLR\AUTH\6601567758 |
|
| 675 | _a629.78.05(075.8) | ||
| 686 | 1 | _aО66я73-1 | |
| 700 | 1 |
_aАтамасов _bВ. Д. _gВладимир Дмитриевич |
|
| 701 | 1 |
_7ca _8rus _aБеляев _bС. Г. _cспециалист по космическим аппаратам _gСергей Геннадьевич _9140201 _3RU\NLR\AUTH\770140237 |
|
| 801 | 0 |
_aRU _bRuMoRKP _c20131230 _gRCR |
|
| 801 | 2 |
_aRU _bРГБ _c20140214 _grcr |
|
| 801 | 1 |
_aRU _bRuMoRKP _c20131230 _2rusmarc |
|
| 942 | _cBOOK | ||
| 980 | _aNBR | ||